[Event "Turkish Cup 2016"]
[Site "Manavgat TUR"]
[Date "2016.02.04"]
[Round "8.23"]
[White "Bircan, Selim"]
[Black "Ozen, Deniz"]
[Result "0-1"]
[BlackTitle "FM"]
[WhiteElo "1968"]
[BlackElo "2061"]
[WhiteTeam "KONYA"]
[BlackTeam "IZMIR"]
[WhiteFideId "6315569"]
[BlackFideId "6349196"]
[EventDate "2016.01.30"]

1. d4 d5 2. c4 c6 3. Nf3 Nf6 4. Nc3 e6 5. Bg5 Be7 6. e3 h6 7. Bxf6 Bxf6 8. Qc2
O-O 9. O-O-O Qa5 10. Kb1 b5 11. cxb5 cxb5 12. Bxb5 Bd7 13. Qa4 Qd8 14. Rd2 a6
15. Bxd7 Nxd7 16. Rc1 Nb6 17. Qd1 Rb8 18. Ka1 Qd7 19. Rdc2 Rfc8 20. Ne2 Rxc2 21.
Rxc2 Nc4 22. Nd2 Na5 23. Nc1 Qd6 24. f4 Nc6 25. Nd3 Nb4 26. Nxb4 Qxb4 27. Nb3
Qb5 28. Nc5 a5 29. a3 Be7 30. Qd3 Qxd3 31. Nxd3 Rb3 32. Rc3 Rxc3 33. bxc3 Bxa3
34. Ka2 Bd6 35. Kb3 Kh7 36. Ka4 Bc7 37. Kb5 h5 38. Kc6 Bd8 39. Kd7 Bh4 40. g3
Bf6 41. Nc5 Kg6 42. Ke8 Kf5 43. Kxf7 Kg4 44. Kxe6 Kh3 45. e4 dxe4 46. Nxe4 a4
47. Kf5 a3 48. Nd2 Kxh2 49. Kg6 Kxg3 50. Kxh5 Kxf4 51. Kg6 a2 52. Nb3 Ke4 53. c4
Bxd4 54. c5 Bxc5 55. Nd2+ Kd3 56. Nb1 0-1

[Event "Turkish Cup 2016"]
[Site "Manavgat TUR"]
[Date "2016.02.04"]
[Round "8.24"]
[White "Aydin, Ersin"]
[Black "Kucuk, Dogan"]
[Result "1/2-1/2"]
[WhiteElo "1943"]
[BlackElo "2066"]
[WhiteTeam "ANKARA"]
[BlackTeam "ANTALYA"]
[WhiteFideId "6306187"]
[BlackFideId "6312985"]
[EventDate "2016.01.30"]

1. d4 d6 2. Nf3 Bg4 3. e4 e5 4. dxe5 Nc6 5. exd6 Bxd6 6. Bb5 Qe7 7. Nc3 Nf6 8.
Qe2 O-O 9. Bxc6 bxc6 10. h3 Bxf3 11. Qxf3 Nxe4 12. Qxe4 Qxe4+ 13. Nxe4 Rfe8 14.
Be3 Rxe4 15. O-O-O f5 16. Rd4 Rae8 17. Rxe4 Rxe4 18. Re1 Kf7 1/2-1/2

[Event "Turkish Cup 2016"]
[Site "Manavgat TUR"]
[Date "2016.02.04"]
[Round "8.25"]
[White "Ozveren, Ali Bulent"]
[Black "Gundogan, Cem"]
[Result "1-0"]
[WhiteElo "1953"]
[BlackElo "2076"]
[WhiteTeam "BOLU"]
[BlackTeam "KOCAELI"]
[WhiteFideId "6303188"]
[BlackFideId "6311032"]
[EventDate "2016.01.30"]

1. Nf3 g6 2. c4 Bg7 3. Nc3 e5 4. d4 d6 5. dxe5 dxe5 6. Qxd8+ Kxd8 7. Bg5+ f6 8.
O-O-O+ Ke8 9. Bd2 Na6 10. e3 Bf5 11. Be2 c6 12. Nh4 Be6 13. g4 Nh6 14. h3 f5 15.
f3 Rd8 16. Be1 Kf7 17. Bf2 Bf6 18. Rhg1 Rxd1+ 19. Nxd1 g5 20. Ng2 e4 21. Ne1
exf3 22. gxf5 fxe2 23. fxe6+ Kxe6 24. Nc3 Rf8 25. Ne4 Be7 26. Rg2 Nc5 27. Nxc5+
Bxc5 28. Kd2 g4 29. hxg4 Nxg4 30. Nd3 Nxf2 31. Nxc5+ Kd6 32. Rxf2 e1=B+ 33. Kxe1
Re8 1-0

[Event "Turkish Cup 2016"]
[Site "Manavgat TUR"]
[Date "2016.02.04"]
[Round "8.26"]
[White "Demir, Bilal"]
[Black "Dalgar, Hakki Berat"]
[Result "0-1"]
[BlackTitle "CM"]
[WhiteElo "2132"]
[BlackElo "1982"]
[WhiteTeam "BURDUR"]
[BlackTeam "KARAMAN"]
[WhiteFideId "4662369"]
[BlackFideId "6347444"]
[EventDate "2016.01.30"]

1. e4 c6 2. d4 d5 3. e5 c5 4. Nf3 Nc6 5. Bb5 Bd7 6. Bxc6 Bxc6 7. dxc5 e6 8. b4
a5 9. c3 axb4 10. cxb4 b6 11. Nd4 Qc7 12. O-O bxc5 13. Nxc6 Qxc6 14. bxc5 Bxc5
15. Qc2 Ne7 16. a4 Bd4 17. Qxc6+ Nxc6 18. Ra2 Bxe5 19. Nd2 O-O 20. Nf3 Bd6 21.
Bd2 Ra6 22. Rb1 Rfa8 23. a5 Bc7 24. Rc1 Bxa5 25. Rxc6 Rxc6 26. Rxa5 Rxa5 27.
Bxa5 Rc1+ 28. Ne1 Ra1 29. Bb4 Rb1 30. Ba5 e5 31. Kf1 f6 32. Ke2 Kf7 33. h4 Ke6
34. Nf3 d4 35. Nd2 Ra1 36. Bb4 Kd5 37. Bf8 e4 38. Nb3 d3+ 39. Kd2 Ra2+ 40. Kd1
Rxf2 41. Bc5 Rb2 0-1

[Event "Turkish Cup 2016"]
[Site "Manavgat TUR"]
[Date "2016.02.04"]
[Round "8.27"]
[White "Rzayev, Askar Aliakbar"]
[Black "Gulbeyaz, Emir"]
[Result "0-1"]
[WhiteElo "2082"]
[BlackElo "1936"]
[WhiteTeam "BURSA"]
[BlackTeam "KARAMAN"]
[WhiteFideId "13405039"]
[BlackFideId "6377076"]
[EventDate "2016.01.30"]

1. d4 g6 2. Nf3 Bg7 3. c4 Nf6 4. Nc3 d5 5. Bg5 Ne4 6. cxd5 Nxg5 7. Nxg5 e6 8.
Nf3 exd5 9. e3 O-O 10. Bd3 c6 11. O-O Be6 12. b4 Nd7 13. Qb3 g5 14. Qc2 f5 15.
Ne2 Qf6 16. Nd2 h5 17. f4 g4 18. Nb3 h4 19. Rab1 Qe7 20. Nc5 b6 21. Nb3 Rac8 22.
Qd2 Nf6 23. Rfc1 Ne8 24. Nc3 Nd6 25. Nd1 Rfe8 26. Nb2 Bf7 27. Re1 Nc4 28. Qc3
Nd6 29. Rbc1 Rc7 30. a3 Rec8 31. Ba6 Re8 32. Nd3 Ne4 33. Qc2 Be6 34. Nd2 Bc8 35.
Bxc8 Rexc8 36. Nxe4 dxe4 37. Ne5 c5 38. Qc4+ Kh7 39. bxc5 bxc5 40. Qa6 cxd4 41.
Qg6+ Kg8 42. Rxc7 Rxc7 43. Qxf5 dxe3 44. Qxe4 Rc3 45. Qd5+ Kh7 46. a4 Bxe5 47.
Qe4+ Kh8 48. fxe5 Qc5 49. Qa8+ Kg7 50. Qb7+ Kh8 51. Qb8+ Kg7 52. Qb7+ Kh8 53.
Qa8+ Kg7 54. Qe4 e2+ 55. Kh1 Qf2 56. Qxg4+ Kf8 57. Qb4+ Kf7 58. Qb7+ Kg6 59.
Qe4+ Kh6 60. Qb1 h3 61. gxh3 Rxh3 62. Qc1+ Kh5 0-1

[Event "Turkish Cup 2016"]
[Site "Manavgat TUR"]
[Date "2016.02.04"]
[Round "8.28"]
[White "Taskaya, Muhammed"]
[Black "Sahin, Ozgun"]
[Result "1-0"]
[WhiteElo "1911"]
[BlackElo "2085"]
[WhiteTeam "KARAMAN"]
[BlackTeam "BURDUR"]
[WhiteFideId "6363865"]
[BlackFideId "6328121"]
[EventDate "2016.01.30"]

1. e4 c5 2. d4 cxd4 3. Nf3 Nc6 4. Nxd4 g6 5. Be3 Bg7 6. Nc3 Nf6 7. Be2 O-O 8. h4
h5 9. Nb3 d6 10. Qd2 a5 11. O-O-O a4 12. Nd4 a3 13. b3 Qa5 14. f3 Bd7 15. Nxc6
bxc6 16. Na4 Qxd2+ 17. Rxd2 c5 18. Nb6 Ra7 19. Nxd7 Nxd7 20. Rdd1 Ne5 21. c3 Rb7
22. Kc2 c4 23. b4 Rc8 24. Rd5 Nd3 25. Rb1 Be5 26. Ra5 Bg3 27. Bxd3 cxd3+ 28.
Kxd3 Bxh4 29. Rxa3 e6 30. b5 d5 31. exd5 exd5 32. b6 Bf6 33. Rab3 Ra8 34. Ra1
Ra4 35. Rb5 Ra3 36. Bd4 Bxd4 37. Kxd4 Kf8 38. Rc1 Ke7 39. Kxd5 Kd7 40. Rc2 f5
41. Kc5 g5 42. Rd2+ Kc8 43. Kb4 Ra6 44. Rc5+ 1-0

[Event "Turkish Cup 2016"]
[Site "Manavgat TUR"]
[Date "2016.02.04"]
[Round "8.29"]
[White "Benk, Tolga Tugay"]
[Black "Esen, Nejdet"]
[Result "1-0"]
[WhiteElo "1863"]
[BlackElo "2058"]
[WhiteTeam "KARAMAN"]
[BlackTeam "YALOVA"]
[WhiteFideId "6309488"]
[BlackFideId "6305644"]
[EventDate "2016.01.30"]

1. d4 Nf6 2. c4 g6 3. g3 Bg7 4. Bg2 O-O 5. Nf3 d6 6. O-O c6 7. Nc3 Qa5 8. Qc2
Qh5 9. Re1 Bh3 10. Bh1 Bh6 11. Bxh6 Qxh6 12. Rad1 Nbd7 13. Qb3 Rab8 14. e4 e5
15. Qa3 Ne8 16. dxe5 dxe5 17. Qxa7 Ng7 18. Qe3 Qh5 19. Ng5 f6 20. Nxh3 Qxh3 21.
Rd6 Rfd8 22. Bg2 Qg4 23. f3 Qe6 24. Rxe6 Nxe6 25. Rd1 Nd4 26. Ne2 Nf8 27. Nxd4
c5 28. Qb3 cxd4 29. c5+ Kg7 30. f4 Nd7 31. fxe5 Nxe5 32. Qe6 Rd7 33. Bh3 Rbd8
34. Qxd7+ Rxd7 35. Bxd7 Nxd7 36. Rxd4 Nxc5 37. Rc4 b6 38. a4 Nd3 39. b4 Kf7 40.
b5 Ne5 41. Rc7+ Ke6 42. Kf1 Kd6 43. Rc3 h5 44. a5 bxa5 45. b6 Nd7 46. b7 Nb8 47.
Rc8 1-0

[Event "Turkish Cup 2016"]
[Site "Manavgat TUR"]
[Date "2016.02.04"]
[Round "8.30"]
[White "Aytekin, Murat Eren"]
[Black "Kilic, Efe Mert"]
[Result "1/2-1/2"]
[WhiteElo "1830"]
[BlackElo "1998"]
[WhiteTeam "GIRESUN"]
[BlackTeam "KOCAELI"]
[WhiteFideId "6388000"]
[BlackFideId "6354327"]
[EventDate "2016.01.30"]

1. d4 Nf6 2. c4 e6 3. Nf3 d5 4. Nc3 Be7 5. cxd5 exd5 6. Bf4 c6 7. e3 Bf5 8. Bd3
Bxd3 9. Qxd3 O-O 10. h3 Nbd7 11. O-O Re8 12. Rab1 a5 13. Rfc1 Bf8 14. Nd2 Qe7
15. a3 Ne4 16. Ndxe4 dxe4 17. Qe2 g5 18. Bh2 Qe6 19. d5 Qg6 20. dxc6 bxc6 21.
Na4 Re6 22. Rd1 Nf6 23. Nb6 Rae8 24. Nd7 Nd5 25. Nxf8 Rxf8 26. Rbc1 f5 27. Qd2
f4 28. b4 axb4 29. axb4 g4 30. hxg4 f3 31. Bg3 Qxg4 32. Rxc6 Rxc6 33. Qxd5+ Re6
34. Rc1 Qf5 35. Qb3 Qf7 36. b5 Rb6 37. Qb4 Qd5 38. Qe7 Re6 39. Qc5 Rf5 40. Qc8+
Rf8 41. Qc5 Rf5 42. Qc8+ Rf8 43. Qc5 Rd8 44. Bh4 Qxc5 45. Rxc5 Rd1+ 46. Kh2 fxg2
47. Kxg2 Rg6+ 48. Bg3 Rb1 49. Re5 Rb4 50. Re8+ Kf7 51. Rb8 Rb1 52. Rb7+ Kg8 53.
Rb8+ Kg7 54. Rb7+ Kh6 55. Kh3 Kg5 56. Rf7 Rh6+ 57. Kg2 Rhh1 58. Bh2 Rhc1 59.
Rxh7 Rxb5 60. Rf7 Kg6 61. Rf4 Rc4 62. Bg3 1/2-1/2

[Event "Turkish Cup 2016"]
[Site "Manavgat TUR"]
[Date "2016.02.04"]
[Round "8.31"]
[White "Olcum, Ahmet"]
[Black "Ozbay, Ece"]
[Result "0-1"]
[BlackTitle "WCM"]
[WhiteElo "2013"]
[BlackElo "1742"]
[WhiteTeam "KARAMAN"]
[BlackTeam "MANISA"]
[WhiteFideId "6311393"]
[BlackFideId "6351743"]
[EventDate "2016.01.30"]

1. e4 c5 2. Nc3 Nc6 3. g3 g6 4. Bg2 Bg7 5. d3 d6 6. Be3 Rb8 7. Qd2 b5 8. f4 b4
9. Nd1 Qb6 10. Nf3 Nh6 11. h3 f5 12. O-O O-O 13. Kh2 Ba6 14. Ng5 Nd8 15. a3 b3
16. c3 fxe4 17. dxe4 Bxf1 18. Bxf1 e6 19. Bc4 Re8 20. f5 gxf5 21. Nxe6 Nxe6 22.
Bxh6 fxe4 23. Nf2 Qc6 24. Qg5 Rb7 25. Bd5 Rf7 26. Bxc6 Nxg5 27. Bxg5 Rxf2+ 28.
Kg1 Ref8 29. Be7 Rxb2 30. Bd5+ Kh8 31. Bxf8 Bxf8 32. Bxe4 Bg7 33. Rf1 Bxc3 34.
Rf7 Re2 35. Bxh7 b2 36. Rb7 c4 37. Kf1 Re1+ 38. Kf2 d5 39. Bf5 Re5 40. g4 a5 41.
h4 d4 42. h5 d3 43. h6 Rxf5+ 44. gxf5 Bb4 45. axb4 b1=Q 46. h7 d2 0-1

[Event "Turkish Cup 2016"]
[Site "Manavgat TUR"]
[Date "2016.02.04"]
[Round "8.32"]
[White "Elalmis, Husamettin"]
[Black "Kilic, Ihsan"]
[Result "1/2-1/2"]
[WhiteElo "1731"]
[BlackElo "2061"]
[WhiteTeam "ANKARA"]
[BlackTeam "MERSIN"]
[WhiteFideId "6318002"]
[BlackFideId "6305334"]
[EventDate "2016.01.30"]

1. e4 e5 2. Nf3 Nf6 3. Nxe5 d6 4. Nf3 Nxe4 5. Nc3 Nf6 6. d4 Be7 7. Bg5 c6 8. Qd2
Be6 9. O-O-O Nbd7 10. Kb1 Qa5 11. b3 O-O 12. Bd3 Rfe8 13. Ne4 Qd8 14. h4 a5 15.
c4 a4 16. b4 Nxe4 17. Bxe4 Bxc4 18. Qc2 Be6 19. Bxh7+ Kf8 20. Bf5 Qb6 21. a3 Bb3
22. Qd3 Nf6 23. Rde1 c5 24. h5 cxb4 25. h6 bxa3 26. Ka1 Bc4 27. hxg7+ Kxg7 28.
Qxa3 Qb3 29. Qb2 Qxb2+ 30. Kxb2 a3+ 31. Ka1 d5 32. Bh6+ Kg8 33. Ne5 Bf8 34. Bg5
Bg7 35. Re3 b5 36. Rg3 Nh5 37. Bh7+ Kh8 38. Rxh5 Rxe5 39. Bf5+ Kg8 40. Bf6 Re1+
41. Bb1 Rxb1+ 42. Kxb1 Bd3+ 43. Rxd3 Bxf6 44. Rxd5 b4 45. Ka2 Be7 46. Rd7 Kf8
47. d5 Rc8 48. Rd2 Rc1 49. Rb7 Bd6 50. g3 Kg7 51. Rb6 Bc5 52. Rc6 Rc3 53. Rxc5
Rxc5 54. d6 Rc8 55. d7 Rd8 56. Kb3 Kf6 57. Kxb4 a2 58. Rxa2 Ke5 1/2-1/2

[Event "Turkish Cup 2016"]
[Site "Manavgat TUR"]
[Date "2016.02.04"]
[Round "8.33"]
[White "Ibik, Halit Yavuz"]
[Black "Soyek, Ramazan"]
[Result "1-0"]
[WhiteElo "1843"]
[BlackElo "1982"]
[WhiteTeam "ANKARA"]
[BlackTeam "BURDUR"]
[WhiteFideId "6336108"]
[BlackFideId "6314953"]
[EventDate "2016.01.30"]

1. e4 c5 2. Nf3 e6 3. c3 Nf6 4. e5 Nd5 5. d4 cxd4 6. Nxd4 Nc6 7. Nxc6 bxc6 8. g3
Qc7 9. Qe2 f6 10. exf6 Nxf6 11. Bg2 Be7 12. O-O O-O 13. c4 Ba6 14. b3 Rae8 15.
Nd2 Bc5 16. Ne4 Nxe4 17. Bxe4 d5 18. Bd3 Qf7 19. Be3 Bd6 20. Qc2 g6 21. Rac1 Rc8
22. Qd2 c5 23. cxd5 Bxd3 24. Qxd3 exd5 25. Qa6 Qd7 26. Rfd1 d4 27. Qc4+ Kg7 28.
Bd2 Qf5 29. f4 Rc7 30. Re1 Rff7 31. Re6 Rcd7 32. b4 cxb4 33. Qxd4+ Kg8 34. Rxd6
Rxd6 35. Qxd6 Rd7 36. Qxb4 Kg7 37. Be3 Qd5 38. Qb3 Qe4 39. Rc4 Qf5 40. Qc2 Qf7
41. Qc3+ Kf8 42. Rc8+ Ke7 43. Qe5+ 1-0

[Event "Turkish Cup 2016"]
[Site "Manavgat TUR"]
[Date "2016.02.04"]
[Round "8.34"]
[White "Gyokbulut, Julia"]
[Black "Tuncer, Tuna"]
[Result "1-0"]
[WhiteTitle "WFM"]
[BlackTitle "FM"]
[WhiteElo "1976"]
[BlackElo "2353"]
[WhiteTeam "ANKARA"]
[BlackTeam "ISTANBUL"]
[WhiteFideId "4153979"]
[BlackFideId "6349269"]
[EventDate "2016.01.30"]

1. d4 Nf6 2. c4 g6 3. Nc3 d5 4. cxd5 Nxd5 5. e4 Nxc3 6. bxc3 Bg7 7. Nf3 c5 8.
Be3 Qa5 9. Nd2 cxd4 10. Nc4 Qc7 11. cxd4 O-O 12. Rc1 Rd8 13. d5 Qd7 14. Be2 b6
15. O-O Bb7 16. Bxb6 axb6 17. Nxb6 Qd6 18. Nxa8 Bxa8 19. Qc2 Be5 20. g3 Nd7 21.
Rfd1 Qb6 22. Kg2 Bd4 23. f3 Be3 24. Rb1 Qa7 25. d6 Nf8 26. dxe7 Qxe7 27. Rxd8
Qxd8 28. Rd1 Qe7 29. a4 Qa7 30. Bb5 Bb7 31. Qc7 Ne6 32. Qe7 Qc5 33. Qxc5 Nxc5
34. Rd8+ Kg7 35. h4 h6 36. a5 g5 37. hxg5 hxg5 38. Rd6 Ne6 39. a6 Ba8 40. Bc4
Nc5 41. Bd5 Bxd5 42. exd5 Na4 43. Rd7 Nc3 44. a7 Bxa7 45. Rxa7 Nxd5 46. Ra5 Nc7
47. Rxg5+ Kf6 48. f4 Ne6 49. Ra5 Nd4 50. g4 Kg7 51. Kg3 Nc6 52. Ra6 Nd4 53. f5
Kh7 54. Kf4 Kg7 55. g5 Ne2+ 56. Ke5 Ng3 57. Ra7 Kg8 58. Ra8+ Kh7 59. Ra3 Ne2 60.
Re3 Nc1 61. Ke4 1-0

[Event "Turkish Cup 2016"]
[Site "Manavgat TUR"]
[Date "2016.02.04"]
[Round "8.36"]
[White "Karagollu, Ahmet"]
[Black "Sat, Eray"]
[Result "1/2-1/2"]
[WhiteElo "2113"]
[BlackElo "1898"]
[WhiteTeam "IZMIR"]
[BlackTeam "YALOVA"]
[WhiteFideId "6307825"]
[BlackFideId "6347967"]
[EventDate "2016.01.30"]

1. e4 c6 2. d4 d5 3. Nc3 dxe4 4. Nxe4 Bf5 5. Ng3 Bg6 6. Nf3 Nd7 7. h4 h6 8. h5
Bh7 9. Bd3 Bxd3 10. Qxd3 e6 11. O-O Ngf6 12. c4 Bd6 13. Ne4 Nxe4 14. Qxe4 Nf6
15. Qh4 O-O 16. Bd2 Nd7 17. Qe4 Nf6 18. Qh4 Nd7 19. Qe4 Nf6 20. Qh4 Nd7 1/2-1/2

[Event "Turkish Cup 2016"]
[Site "Manavgat TUR"]
[Date "2016.02.04"]
[Round "8.37"]
[White "Kucuksari, Kaan"]
[Black "Kilic, Cihan"]
[Result "1-0"]
[WhiteElo "2200"]
[BlackElo "1912"]
[WhiteTeam "ANTALYA"]
[BlackTeam "SIIRT"]
[WhiteFideId "6380166"]
[BlackFideId "34557237"]
[EventDate "2016.01.30"]

1. d4 Nf6 2. Nf3 e6 3. c4 d5 4. g3 Be7 5. Bg2 O-O 6. O-O b6 7. Nc3 Bb7 8. b3
Nbd7 9. Bb2 c5 10. cxd5 Nxd5 11. Nxd5 Bxd5 12. dxc5 Nxc5 13. Rc1 Bf6 14. Bxf6
Qxf6 15. b4 Ne4 16. Qd4 Rac8 17. Ne5 Rxc1 18. Rxc1 Qf5 19. f3 Qg5 20. f4 Qf5 21.
Rc4 f6 22. Nd7 Bxc4 23. Bxe4 Qb5 24. Nxf8 Kxf8 25. Qd6+ Kf7 26. a4 Qa6 27. Qd7+ 1-0

[Event "Turkish Cup 2016"]
[Site "Manavgat TUR"]
[Date "2016.02.04"]
[Round "8.38"]
[White "Mecit, Emre"]
[Black "Arda, Cagil Irmak"]
[Result "1-0"]
[BlackTitle "WCM"]
[WhiteElo "2092"]
[BlackElo "1907"]
[WhiteTeam "YALOVA"]
[BlackTeam "ISTANBUL"]
[WhiteFideId "6304214"]
[BlackFideId "6351700"]
[EventDate "2016.01.30"]

1. Nf3 Nf6 2. g3 b6 3. Bg2 Bb7 4. O-O e6 5. c4 c5 6. d3 Be7 7. Nc3 Nc6 8. a3 O-O
9. Rb1 a6 10. e4 Qc7 11. Qe1 d6 12. b4 cxb4 13. axb4 Ne5 14. Nxe5 dxe5 15. Kh1
Rfd8 16. Qe2 b5 17. Be3 bxc4 18. dxc4 Rdc8 19. c5 a5 20. Nb5 Qc6 21. Nd6 Bxd6
22. b5 Qc7 23. cxd6 Qxd6 24. Rfd1 Qe7 25. f3 a4 26. Qb2 Nd7 27. Bd2 a3 28. Qa2
Nb6 29. Bb4 Qe8 30. Bf1 f5 31. Rd6 Na4 32. Rxe6 Qf7 33. Re8+ Rxe8 34. Bc4 Qxc4
35. Qxc4+ Kh8 36. Bxa3 fxe4 37. fxe4 Bxe4+ 38. Qxe4 Nc3 39. Qxa8 Rxa8 40. Rb3
Ne2 41. b6 Nd4 42. b7 Rb8 43. Rc3 1-0

[Event "Turkish Cup 2016"]
[Site "Manavgat TUR"]
[Date "2016.02.04"]
[Round "8.39"]
[White "Sahin, Handenur"]
[Black "Temizkan, Denizcan"]
[Result "1/2-1/2"]
[BlackTitle "FM"]
[WhiteElo "1839"]
[BlackElo "2002"]
[WhiteTeam "ANKARA"]
[BlackTeam "HATAY"]
[WhiteFideId "6334865"]
[BlackFideId "6325157"]
[EventDate "2016.01.30"]

1. e4 e5 2. Nf3 Nc6 3. Nc3 Nf6 4. d4 exd4 5. Nxd4 Bb4 6. Nxc6 bxc6 7. Bd3 d5 8.
exd5 cxd5 9. O-O O-O 10. Bg5 c6 11. Na4 h6 12. Bh4 Rb8 13. c3 Be7 14. Re1 Re8
15. Bc2 g6 16. Qd4 Ng4 17. Bg3 Rb7 18. h3 Nf6 19. Rad1 Bd6 20. Bxd6 Rxe1+ 21.
Rxe1 Qxd6 22. b4 Re7 23. Rxe7 Qxe7 24. Nc5 Nh5 25. Qd2 Qe5 26. Nd3 Qf6 27. Ba4
Ba6 28. Nc5 Bc4 29. Bb3 Nf4 30. Bxc4 Qg5 31. Kf1 dxc4 32. g3 Nxh3 33. Qxg5 Nxg5
34. Ke2 Kf8 35. f4 Nh7 36. Nd7+ Ke7 37. Ne5 Nf6 38. Ke3 Ne8 39. Nxc6+ Ke6 40.
Kd4 Nd6 41. g4 a6 42. Ne5 h5 43. gxh5 gxh5 44. Kc5 h4 45. Nf3 Ne4+ 46. Kd4 Kf5
47. Nxh4+ Kxf4 48. Ng2+ Kf3 49. Ne1+ Kf4 50. Ng2+ Kf3 51. Ne1+ Kf4 1/2-1/2

[Event "Turkish Cup 2016"]
[Site "Manavgat TUR"]
[Date "2016.02.04"]
[Round "8.40"]
[White "Dedebas, Emre Emin"]
[Black "Pektas, Yigit"]
[Result "1-0"]
[WhiteElo "2077"]
[BlackElo "1815"]
[WhiteTeam "MANISA"]
[BlackTeam "ANTALYA"]
[WhiteFideId "6349005"]
[BlackFideId "6367046"]
[EventDate "2016.01.30"]

1. d4 d5 2. c4 c6 3. cxd5 cxd5 4. Bf4 Nc6 5. e3 Bf5 6. Nc3 e6 7. Qb3 Qb6 8. Qxb6
axb6 9. Bb5 Nf6 10. Nf3 Nd7 11. Nh4 Be4 12. f3 Bc2 13. Rc1 Be7 14. Rxc2 Bxh4+
15. Bg3 Bxg3+ 16. hxg3 Ke7 17. a3 h6 18. Kf2 Rhc8 19. Rhc1 Kd6 20. Bxc6 bxc6 21.
Nb5+ Ke7 22. Rxc6 Rxc6 23. Rxc6 Ra5 24. Nc3 Ra7 25. Ke2 Rb7 26. Nb5 e5 27. Nd6
Nb8 28. Nf5+ Ke8 29. Rc8+ Kd7 30. Rf8 Ke6 31. Nxg7+ Kf6 32. Ne8+ Ke7 33. Rxf7+ 1-0

[Event "Turkish Cup 2016"]
[Site "Manavgat TUR"]
[Date "2016.02.04"]
[Round "8.41"]
[White "Dogdu, Mehmet"]
[Black "Inan, Canberk"]
[Result "1/2-1/2"]
[WhiteElo "2043"]
[BlackElo "1845"]
[WhiteTeam "KONYA"]
[BlackTeam "SAMSUN"]
[WhiteFideId "6315623"]
[BlackFideId "6329055"]
[EventDate "2016.01.30"]

1. b3 b6 2. Nf3 Bb7 3. Bb2 Nf6 4. g3 g6 5. Bg2 Bg7 6. O-O O-O 7. c4 d6 8. d4 c5
9. d5 Nbd7 10. Nc3 a6 11. a4 Qc7 12. Qc2 Rfe8 13. Rad1 Rad8 14. e3 e6 15. dxe6
fxe6 16. Rd2 Nb8 17. Rfd1 Nc6 18. Na2 Ne7 19. Ng5 Bxg2 20. Nxe6 Qc6 21. f3 Bh3
22. Nxd8 Rxd8 23. e4 Nc8 24. Nc1 Rf8 25. Nd3 Be6 26. Nf2 Qc7 27. Rd3 Nh5 28.
Bxg7 Qxg7 29. Qd2 g5 30. Qe3 Qf6 31. Qd2 h6 32. Qe3 Qg7 33. R1d2 Nf4 34. Rc3 Ng6
35. Rdc2 Ne5 36. Qe2 Nc6 37. Rc1 Nd4 38. Qd1 Ne7 39. Kh1 Qf6 40. Re3 Ng6 41.
Rcc3 Ne5 42. Kg2 b5 43. cxb5 axb5 44. axb5 Nxb5 45. Rc1 Nd4 46. Rcc3 Qf7 47. Nh1
Qh5 48. Nf2 Kh8 49. h3 Ndxf3 50. Rxf3 Nxf3 51. Rxf3 Qxf3+ 52. Qxf3 Rxf3 53. Kxf3
Bxb3 54. Ke3 Kg7 55. Kd3 h5 56. Kc3 Be6 57. h4 gxh4 58. gxh4 Kf6 59. Kd3 Ke5 60.
Ke3 c4 61. Nd1 Bf7 62. Nb2 d5 63. exd5 Bxd5 64. Nd1 Kf5 65. Nf2 Be6 66. Kf3 c3
67. Nd1 Bd5+ 68. Kg3 c2 69. Ne3+ Ke4 70. Nxc2 Ke5 1/2-1/2

[Event "Turkish Cup 2016"]
[Site "Manavgat TUR"]
[Date "2016.02.04"]
[Round "8.42"]
[White "Guven, Oguz Kagan"]
[Black "Karaoglan, Kivanc"]
[Result "1-0"]
[WhiteElo "1854"]
[BlackElo "1982"]
[WhiteTeam "IZMIR"]
[BlackTeam "KAHRAMANMARAS"]
[WhiteFideId "6325297"]
[BlackFideId "6329152"]
[EventDate "2016.01.30"]

1. e4 d6 2. d4 Nf6 3. Nc3 Nbd7 4. Be3 e5 5. Bc4 Be7 6. f3 c6 7. a4 a5 8. Nge2
Qc7 9. g4 exd4 10. Nxd4 Ne5 11. Be2 g6 12. g5 Ng8 13. f4 Nd7 14. Qd2 Nc5 15.
O-O-O f5 16. exf5 gxf5 17. Bh5+ Kd8 18. Nf3 Ne4 19. Qd4 1-0

[Event "Turkish Cup 2016"]
[Site "Manavgat TUR"]
[Date "2016.02.04"]
[Round "8.43"]
[White "Arslan, Erdal"]
[Black "Ayazmali, Gizem"]
[Result "0-1"]
[WhiteElo "1990"]
[BlackElo "1764"]
[WhiteTeam "HATAY"]
[BlackTeam "MERSIN"]
[WhiteFideId "6318916"]
[BlackFideId "6336590"]
[EventDate "2016.01.30"]

1. c4 e5 2. Nc3 Nc6 3. g3 f5 4. Bg2 Nf6 5. d3 Bb4 6. Bd2 Bxc3 7. Bxc3 d6 8. e3
O-O 9. Ne2 Qe8 10. Qc2 a6 11. O-O-O Bd7 12. d4 b5 13. dxe5 dxe5 14. Rhe1 Ng4 15.
Ng1 e4 16. f4 Be6 17. h3 Nf6 18. Bf1 b4 19. Bd4 a5 20. b3 a4 21. Bb2 axb3 22.
axb3 Qb8 23. Ne2 Qa7 24. Nd4 Nxd4 25. exd4 c6 26. Re3 Rfc8 27. Be2 Nd5 28. Qd2
Nxe3 29. Qxe3 Qf7 30. g4 Ra2 31. gxf5 Bxf5 32. d5 cxd5 33. Rg1 Rxb2 34. Kxb2
Qf6+ 35. Kc1 d4 36. Qg3 d3 37. Bd1 Qc3+ 38. Kb1 Ra8 0-1

[Event "Turkish Cup 2016"]
[Site "Manavgat TUR"]
[Date "2016.02.04"]
[Round "8.44"]
[White "Eryigit, Yakup"]
[Black "Gokcen, Fatih"]
[Result "1-0"]
[WhiteElo "1941"]
[BlackElo "1781"]
[WhiteTeam "BURDUR"]
[BlackTeam "KONYA"]
[WhiteFideId "6340660"]
[BlackFideId "6303277"]
[EventDate "2016.01.30"]

1. d4 Nf6 2. Bg5 Ne4 3. Bf4 d5 4. e3 c5 5. Bd3 Qa5+ 6. c3 Nf6 7. Nd2 cxd4 8.
exd4 Bg4 9. Qb3 Qb6 10. Ngf3 Bxf3 11. Nxf3 Nbd7 12. Qc2 e6 13. Qe2 h6 14. O-O
Be7 15. a4 a6 16. a5 Qd8 17. Ne5 Nxe5 18. dxe5 Nd7 19. Qg4 g5 20. Bd2 Nxe5 21.
Qe2 Nxd3 22. Qxd3 Qd6 23. b4 e5 24. Rfe1 e4 25. Qh3 Qe6 26. Qh5 O-O-O 27. Qe2 f5
28. Be3 Bd6 29. Bd4 Rhe8 30. b5 Bc7 31. Reb1 f4 32. Bb6 f3 33. Qf1 Qg4 34. g3
axb5 35. Rxb5 Re6 36. Bxc7 Kxc7 37. Rab1 Rc6 38. Rxb7+ Kd6 39. R1b6 Rxb6 40.
Rxb6+ Ke5 41. h3 Qc8 42. Kh2 Qxc3 43. Rxh6 Qxa5 44. Qc1 Qa7 45. Qxg5+ 1-0

[Event "Turkish Cup 2016"]
[Site "Manavgat TUR"]
[Date "2016.02.04"]
[Round "8.45"]
[White "Percin, Onder"]
[Black "Cubukcu, Berkin"]
[Result "1-0"]
[WhiteElo "1944"]
[BlackElo "1753"]
[WhiteTeam "HATAY"]
[BlackTeam "ANKARA"]
[WhiteFideId "6345190"]
[BlackFideId "6351190"]
[EventDate "2016.01.30"]

1. e4 e5 2. Nf3 Nc6 3. Bb5 a6 4. Ba4 Nf6 5. O-O b5 6. Bb3 Be7 7. Re1 d6 8. c3
O-O 9. h3 Na5 10. Bc2 c5 11. d4 Qc7 12. d5 Bd7 13. Nbd2 Ne8 14. Nf1 g6 15. Ng3
Ng7 16. Nh2 f6 17. b3 Kh8 18. f4 Nb7 19. f5 g5 20. h4 gxh4 21. Ngf1 c4 22. b4
Qc8 23. Re3 Nxf5 24. exf5 Bxf5 25. Bxf5 Qxf5 26. Rh3 Qe4 27. Nf3 Rg8 28. Rxh4
Qg6 29. Qe2 f5 30. Rh6 Qf7 31. a4 Qxd5 32. axb5 axb5 33. Rxa8 Rxa8 34. Ng5 Bxg5
35. Bxg5 Qf7 36. Ng3 Ra1+ 37. Kh2 f4 38. Nh5 Qf5 39. Nf6 Rc1 40. Rxh7+ Qxh7+ 41.
Nxh7 Kxh7 42. Qe4+ Kg8 43. Qg6+ 1-0